| 000 | 00418nam a2200181Ia 4500 | ||
|---|---|---|---|
| 001 | 10051 | ||
| 005 | 20260306161803.0 | ||
| 008 | 260306t2001||||xx |||||||||||||| ||spa|| | ||
| 041 | _aESP | ||
| 082 |
_a869.57 _bP54 |
||
| 100 |
_aPierce Balbuena, Kenneth _eAUT |
||
| 245 | 0 | _aEl cuarto de los regalos | |
| 260 | _c2001 | ||
| 300 |
_apágs. : _ccm. |
||
| 650 | _aGEN | ||
| 654 | _aCHU | ||
| 942 |
_cLIB _dJUS _fJUS _2ddc _n |
||
| 999 |
_c10051 _d10051 |
||